000 00593nam a22002057a 4500
999 _c6090
_d6090
003 AR-CdUCM
008 190313b ||||| |||| 00| 0 spa d
040 _aMUNICIPALIDAD PROVINCIAL DEL CUSCO
_cBIBLIOTECA MUNICIPAL DEL CUSCO
082 _a818.508 /
_bF52
100 _aFingerit, Marcos
_917707
245 _aYo tambien soy America /
260 _aBuenos Aires :
_bGrifo,
_c1944.
300 _a161 paginas ;
_bIlustraciones,
_c17cm.
500 _aPoesia
650 _aPoesia Negra
_917708
650 _aColecciones
_9607
650 _aLiteratura
_983
942 _2ddc
_cLIBROS
945 _apjha